| 000 | 00842 a2200301 4500 | ||
|---|---|---|---|
| 999 |
_c71514 _d19108 |
||
| 001 | 71514 | ||
| 003 | TR-AnTOB | ||
| 005 | 20230901100344.0 | ||
| 008 | 110216s2005 dk 000 0 | ||
| 020 | _a8723904844 | ||
| 040 |
_aTR-AnTOB. _beng _cTR-AnTOB _erda |
||
| 041 | 0 | _aeng | |
| 050 | 0 | 0 |
_aPE1128 _b.K55 2005 |
| 099 | _aPE EASY ASC L3 KİL 2005 | ||
| 100 | 1 |
_aDuncan, Lois _946216 |
|
| 245 | 0 | 0 |
_aKilling Mr. Griffin / _cLois Duncan ; ed. by Britt Keson ; ill. Palle Schmidt. |
| 264 | 1 |
_aHolme-Olstrup : _bAschehoug A/S, _c2005. |
|
| 300 |
_a88 p.; _bill. : _b19 cm. |
||
| 490 | 0 | _aEasy Readers. | |
| 500 | _a"Young Adult; B" | ||
| 650 | 0 | 0 |
_aEnglish language _xStudy and teaching _95872 |
| 650 | 0 | 0 |
_aReaders _967599 |
| 902 | _a0024807, 0024799 | ||
| 903 | _aMerkez Kütüphane | ||
| 942 |
_cBK _2lcc |
||
| 945 | _aMC, 11.08.2008 | ||